00866cam a22002417a 4500001000500000005001700005020001800022040001800040050001500058082000800073100002200081245011400103250001900217260005100236300004700287490002400334505000800358520017100366521002000537521002000557650002600577700002100603326020251027162108.0 a9780061885211 aDLCcDLCbeng00aPZ7.T85486 a3031 aTurner, Katharine10aBatman :cby Turner, Katharine; pictures by Gordon, Steven E. ; colors by Gordon, Eric A. bReptile rampage / aFirst Edition  aNew York : bHarperCollins Publishers , c2012 a32 pages : bcolor illustrations ;c24 cm.0 aI can readvLevel 2 aF  aA Gotham City hospital is being terrorized by Killer Croc, and it's up to Batman to save the day! Can the Caped Crusader clean the city sewers of this rotten reptile? a300 bLexile  aF bRaz-Plus  asuperheroes vfiction1 aGordon, Steven E